Communicative styles of Japanese and Americans : (Record no. 9382)

MARC details
000 -LEADER
fixed length control field 01210pam a2200373 a 4500
001 - CONTROL NUMBER
control field 1491615
003 - CONTROL NUMBER IDENTIFIER
control field OSt
005 - DATE AND TIME OF LATEST TRANSACTION
control field 20260427151046.0
008 - FIXED-LENGTH DATA ELEMENTS--GENERAL INFORMATION
fixed length control field 880222s1989 caua b 001 0 eng
010 ## - LIBRARY OF CONGRESS CONTROL NUMBER
LC control number 88003954
020 ## - INTERNATIONAL STANDARD BOOK NUMBER
International Standard Book Number 0534093728
020 ## - INTERNATIONAL STANDARD BOOK NUMBER
International Standard Book Number 9780534093723
035 ## - SYSTEM CONTROL NUMBER
System control number 1491615
040 ## - CATALOGING SOURCE
Original cataloging agency DLC
Transcribing agency DLC
Modifying agency DLC
043 ## - GEOGRAPHIC AREA CODE
Geographic area code n-us---
-- a-ja---
050 00 - LIBRARY OF CONGRESS CALL NUMBER
Classification number HM258
Item number .B365 1989
082 00 - DEWEY DECIMAL CLASSIFICATION NUMBER
Classification number 303.482 BAR
Edition number 19
100 1# - MAIN ENTRY--PERSONAL NAME
Personal name Barnlund, Dean C.
245 10 - TITLE STATEMENT
Title Communicative styles of Japanese and Americans :
Remainder of title images and realities /
Statement of responsibility, etc. Dean C. Barnlund.
260 ## - PUBLICATION, DISTRIBUTION, ETC. (IMPRINT)
Place of publication, distribution, etc. Belmont, Calif. :
Name of publisher, distributor, etc. Wadsworth Pub. Co.,
Date of publication, distribution, etc. c1989.
300 ## - PHYSICAL DESCRIPTION
Extent xx, 218 p. :
Other physical details ill. ;
Dimensions 24 cm.
336 ## - CONTENT TYPE
Content type term text
Content type code txt
Source rdacontent
337 ## - MEDIA TYPE
Media type term unmediated
Media type code n
Source rdamedia
338 ## - CARRIER TYPE
Carrier type term volume
Carrier type code nc
Source rdacarrier
500 ## - GENERAL NOTE
General note Includes index.
504 ## - BIBLIOGRAPHY, ETC. NOTE
Bibliography, etc Bibliography: p. 200-211.
650 #0 - SUBJECT ADDED ENTRY--TOPICAL TERM
Topical term or geographic name as entry element Intercultural communication.
650 #0 - SUBJECT ADDED ENTRY--TOPICAL TERM
Topical term or geographic name as entry element Communication
General subdivision Social aspects
Geographic subdivision United States.
650 #0 - SUBJECT ADDED ENTRY--TOPICAL TERM
Topical term or geographic name as entry element Communication
General subdivision Social aspects
Geographic subdivision Japan.
650 #0 - SUBJECT ADDED ENTRY--TOPICAL TERM
Topical term or geographic name as entry element Interpersonal relations.
906 ## - LOCAL DATA ELEMENT F, LDF (RLIN)
a 7
b cbc
c orignew
d 1
e ocip
f 19
g y-gencatlg
942 ## - ADDED ENTRY ELEMENTS (KOHA)
Source of classification or shelving scheme Dewey Decimal Classification
Koha item type BOOKS
Holdings
Withdrawn status Lost status Source of classification or shelving scheme Damaged status Not for loan Home library Current library Shelving location Date acquired Total Checkouts Full call number Barcode Date last seen Price effective from Koha item type
    Dewey Decimal Classification     Dodoma Dodoma Ground Floor 27/04/2026   303.482 BAR LIB001841 27/04/2026 27/04/2026 BOOKS

IRDP © 2021 :: Managed by ICT Team